000 00564nam a2200193Ia 4500
005 20250326145153.0
008 250326s9999 xx 000 0 und d
037 _aTextbook
040 _aFMSL
_beng
_cFMSL
041 _aeng
_2eng
084 _aX:51.23 N7
_qFMSL
100 _aCadene P
_9750766
245 0 _aWebs of trade dymanics of business communities in western India
_cCadene P; Vidal D
260 _aNew Delhi
_bNew Delhi, Manohar
_c1997
365 _b320
650 _aManagement
942 _cTB
_hX:51.23 N7
999 _c1306627
_d1306627